Cultural leadership response mechanisms in drought and famine disaster management among the Ndebele tribe in the South-Western region of Zimbabwe / (Record no. 172824)
[ view plain ]
| 000 -LEADER | |
|---|---|
| fixed length control field | 01511nam a2200325 4500 |
| 003 - CONTROL NUMBER IDENTIFIER | |
| control field | NUST |
| 005 - DATE AND TIME OF LATEST TRANSACTION | |
| control field | 20260507144617.0 |
| 008 - FIXED-LENGTH DATA ELEMENTS--GENERAL INFORMATION | |
| fixed length control field | 260505b |||||||| |||| 00| 0 eng d |
| 040 ## - CATALOGING SOURCE | |
| Original cataloging agency | NUST |
| Language of cataloging | eng |
| Transcribing agency | NUST |
| Modifying agency | NUST |
| Description conventions | rda |
| 050 ## - LIBRARY OF CONGRESS CALL NUMBER | |
| Classification number | HV555.Z55 KHU |
| 100 ## - MAIN ENTRY--PERSONAL NAME | |
| Personal name | Khumalo, Peter Zwidekalanga. |
| Relator term | author. |
| 245 ## - TITLE STATEMENT | |
| Title | Cultural leadership response mechanisms in drought and famine disaster management among the Ndebele tribe in the South-Western region of Zimbabwe / |
| Statement of responsibility | by Peter Zwidekalanga Khumalo. |
| 260 ## - PUBLICATION, DISTRIBUTION, ETC. | |
| Place of publication, distribution, etc. | Bulawayo, Zimbabwe : |
| Name of publisher, distributor, etc. | National University of Science and Technology , |
| Date of publication, distribution, etc. | ©2023. |
| 300 ## - PHYSICAL DESCRIPTION | |
| Extent | xiv, 324 pages : |
| Other physical details | illustrations ; |
| Dimensions | 31 cm. |
| 336 ## - CONTENT TYPE | |
| Source | rdacontent |
| Content type term | text |
| Content type code | txt |
| 337 ## - MEDIA TYPE | |
| Source | rdamedia |
| Media type term | unmediated |
| Media type code | n |
| 338 ## - CARRIER TYPE | |
| Source | rdacarrier |
| Carrier type term | volume |
| Carrier type code | nc |
| 500 ## - | |
| Typescript | A thesis submitted in fulfilment of the requirements of the Doctor of Philosophy (PhD) in African Leadership Development. |
| 501 ## - STUDY LEVEL | |
| -- | (PhD in African Leadership Development) National University of Science and Technology, 2023. |
| 504 ## - BIBLIOGRAPHY, ETC. NOTE | |
| Bibliography, etc. note | Includes bibliographical references. |
| 650 ## - SUBJECT ADDED ENTRY--TOPICAL TERM | |
| Topical term or geographic name entry element | Disaster relief |
| General subdivision | Ndebele (African people) |
| Geographic subdivision | Zimbabwe. |
| 650 ## - SUBJECT ADDED ENTRY--TOPICAL TERM | |
| Topical term or geographic name entry element | Drought relief |
| Geographic subdivision | Zimbabwe. |
| 650 ## - SUBJECT ADDED ENTRY--TOPICAL TERM | |
| Topical term or geographic name entry element | Famines |
| Geographic subdivision | Zimbabwe. |
| 650 ## - SUBJECT ADDED ENTRY--TOPICAL TERM | |
| Topical term or geographic name entry element | Ndebele (African people) |
| General subdivision | Social life and customs. |
| 650 ## - SUBJECT ADDED ENTRY--TOPICAL TERM | |
| Topical term or geographic name entry element | Leadership |
| Geographic subdivision | Zimbabwe. |
| 650 ## - SUBJECT ADDED ENTRY--TOPICAL TERM | |
| Topical term or geographic name entry element | Community organization |
| Geographic subdivision | Zimbabwe. |
| 650 ## - SUBJECT ADDED ENTRY--TOPICAL TERM | |
| Topical term or geographic name entry element | Traditional leadership |
| Geographic subdivision | Zimbabwe. |
| 700 ## - ADDED ENTRY--PERSONAL NAME | |
| Personal name | Dr Edson Munsaka. |
| Relator term | supervisor. |
| 942 ## - ADDED ENTRY ELEMENTS (KOHA) | |
| Source of classification or shelving scheme | Library of Congress Classification |
| Suppress in OPAC | No |
| Koha item type | 3-Hour Loan Material |
| Classification part | HV555.Z55 |
| Call number prefix | HV |
| Call number suffix | KHU |
| 999 ## - | |
| -- | 172824 |
| -- | 172824 |
| Withdrawn status | Lost status | Source of classification or shelving scheme | Damaged status | Not for loan | Collection | Home library | Current library | Shelving location | Date acquired | Cost, normal purchase price | Total Checkouts | Full call number | Barcode | Date last seen | Accession number | Cost, replacement price | Price effective from | Koha item type |
|---|---|---|---|---|---|---|---|---|---|---|---|---|---|---|---|---|---|---|
| LCC | NFIC | MAIN | MAIN | Special Collection | 05/05/2026 | 30.00 | HV555.Z55 KHU | 92004056958 | 05/05/2026 | SC25/1406 | 30.00 | 05/05/2026 | 3HOUR |